Dans les oliveraies d’Espagne et de Tunisie (notice n° 1642259)
[ vue normale ]
| 000 -LEADER | |
|---|---|
| fixed length control field | 01493cam a2200241 4500500 |
| 005 - DATE AND TIME OF LATEST TRANSACTION | |
| control field | 20260201125848.0 |
| 041 ## - LANGUAGE CODE | |
| Language code of text/sound track or separate title | fre |
| 042 ## - AUTHENTICATION CODE | |
| Authentication code | dc |
| 100 10 - MAIN ENTRY--PERSONAL NAME | |
| Personal name | Laffort, Bruno |
| Relator term | author |
| 245 00 - TITLE STATEMENT | |
| Title | Dans les oliveraies d’Espagne et de Tunisie |
| 260 ## - PUBLICATION, DISTRIBUTION, ETC. | |
| Date of publication, distribution, etc. | 2026.<br/> |
| 500 ## - GENERAL NOTE | |
| General note | 9 |
| 520 ## - SUMMARY, ETC. | |
| Summary, etc. | Au nord comme au sud du Bassin méditerranéen, ce sont aujourd’hui les immigrés – et tout particulièrement les Subsahariens – qui réalisent les travaux les plus ingrats que les locaux délaissent, notamment les travaux agricoles. Depuis longtemps au « Nord », en Espagne et en Italie, et plus récemment au « Sud », en Tunisie, ces travailleurs sont devenus les derniers serfs de notre économie globalisée. Si, en Espagne, un accueil minimal persiste durant la période de récolte des olives, ce n’est pas le cas en Tunisie où l’État mène une politique répressive à leur encontre. Un reportage de terrain socio-ethnographique à deux voix, réalisé entre 2008 et 2025, propose de suivre le quotidien des travailleurs subsahariens des deux côtés de la Méditerranée. |
| 690 ## - LOCAL SUBJECT ADDED ENTRY--TOPICAL TERM (OCLC, RLIN) | |
| Topical term or geographic name as entry element | Espagne |
| 690 ## - LOCAL SUBJECT ADDED ENTRY--TOPICAL TERM (OCLC, RLIN) | |
| Topical term or geographic name as entry element | migrants |
| 690 ## - LOCAL SUBJECT ADDED ENTRY--TOPICAL TERM (OCLC, RLIN) | |
| Topical term or geographic name as entry element | notes de terrain |
| 690 ## - LOCAL SUBJECT ADDED ENTRY--TOPICAL TERM (OCLC, RLIN) | |
| Topical term or geographic name as entry element | olives |
| 690 ## - LOCAL SUBJECT ADDED ENTRY--TOPICAL TERM (OCLC, RLIN) | |
| Topical term or geographic name as entry element | travailleurs |
| 690 ## - LOCAL SUBJECT ADDED ENTRY--TOPICAL TERM (OCLC, RLIN) | |
| Topical term or geographic name as entry element | Tunisie |
| 700 10 - ADDED ENTRY--PERSONAL NAME | |
| Personal name | Jannet, Zouheir Ben |
| Relator term | author |
| 786 0# - DATA SOURCE ENTRY | |
| Note | Mondes & Migrations | - | 1 | 2026-01-06 | p. 161-169 | 3075-6812 |
| 856 41 - ELECTRONIC LOCATION AND ACCESS | |
| Uniform Resource Identifier | <a href="https://shs.cairn.info/revue-mondes-migrations-2026-1-page-161?lang=fr&redirect-ssocas=7080">https://shs.cairn.info/revue-mondes-migrations-2026-1-page-161?lang=fr&redirect-ssocas=7080</a> |
Pas d'exemplaire disponible.




Réseaux sociaux